[Event "IIFL Wealth  4th Mumbai Junior U-13"]
[Site "Mumbai"]
[Date "2019.01.07"]
[Round "9"]
[White "Swara Lakshmi S Nair"]
[Black "Kinkhabwala Hrithik"]
[Result "1-0"]
[WhiteElo "1359"]
[BlackElo "1244"]
[Annotator "NA RC"]
[PlyCount "88"]
[EventDate "2018.12.30"]
[EventType "swiss"]
[EventCountry "IND"]
[SourceTitle "playchess.com"]
[Source "ChessBase"]
[SourceQuality "1"]
[TimeControl "40/5400+30:1800+30"]

1. e4 {[%emt 0:00:52]} e5 {[%emt 0:00:00]} 2. Nf3 {[%emt 0:01:44]} Nc6 {[%emt 0:00:00]} 3. d4 {[%emt 0:01:44]} exd4 {[%emt 0:00:00]} 4. Nxd4 {[%emt 0:01:47]} Bc5 {[%emt 0:00:00]} 5. Nb3 {[%emt 0:03:11]} Bb6 {[%emt 0:00:00]} 6. Nc3 {[%emt 0:06:01]} Nf6 {[%emt 0:00:49]} 7. Bg5 {[%emt 0:01:51]} d6 {[%emt 0:03:00]} 8. Qe2 {[%emt 0:03:14]} O-O {[%emt 0:05:16]} 9. O-O-O {[%emt 0:03:17]} h6 {[%emt 0:04:54]} 10. Bh4 {[%emt 0:01:15]} Be6 {[%emt 0:04:31]} 11. Kb1 {[%emt 0:04:20]} a5 {[%emt 0:04:19]} 12. a4 {[%emt 0:00:53]} Re8 {[%emt 0:04:29]} 13. f3 {[%emt 0:04:12]} Ne5 {[%emt 0:16:16]} 14. Bf2 {[%emt 0:12:31]} Bxb3 {[%emt 0:25:50]} 15. cxb3 {[%emt 0:00:09]} Ra6 {[%emt 0:01:30]} 16. g4 {[%emt 0:05:27]} Bxf2 {[%emt 0:02:07]} 17. Qxf2 {[%emt 0:02:49]} Rb6 {[%emt 0:00:49]} 18. Ka2 {[%emt 0:01:06]} Qe7 {[%emt 0:04:49]} 19. Bb5 {[%emt 0:00:54]} Nc6 {[%emt 0:03:04]} 20. h4 Nb4+ {[%emt 0:02:42]} 21. Kb1 {[%emt 0:06:36]} Nd7 {[%emt 0:00:42]} 22. g5 {[%emt 0:11:56]} h5 {[%emt 0:04:03]} 23. f4 {[%emt 0:02:02]} g6 {[%emt 0:03:04]} 24. f5 {[%emt 0:00:43]} c6 {[%emt 0:02:10]} 25. Bc4 {[%emt 0:00:06]} Kh7 {[%emt 0:00:43]} 26. Rhf1 {[%emt 0:00:55]} Nc5 {[%emt 0:03:04]} 27. fxg6+ {[%emt 0:02:58]} fxg6 {[%emt 0:00:19]} 28. Rxd6 {[%emt 0:08:30]} Nxe4 {[%emt 0:03:22]} 29. Qf7+ {[%emt 0:00:08]} Kh8 {[%emt 0:00:40]} 30. Qxe7 {[%emt 0:00:33]} Nxc3+ {[%emt 0:01:11]} 31. bxc3 {[%emt 0:00:38]} Rxe7 {[%emt 0:00:14]} 32. Rxg6 Nd5 {[%emt 0:01:21]} 33. Bxd5 {[%emt 0:01:00]} cxd5 {[%emt 0:00:09]} 34. Rxb6 {[%emt 0:01:12]} Kg7 {[%emt 0:00:34]} 35. Rb5 {[%emt 0:00:41]} Re4 {[%emt 0:00:37]} 36. Rxb7+ {[%emt 0:00:17]} Kg8 {[%emt 0:00:16]} 37. Rd1 {[%emt 0:00:20]} Rxh4 {[%emt 0:00:40]} 38. Rxd5 {[%emt 0:00:09]} Rf4 {[%emt 0:00:07]} 39. Rd8+ {[%emt 0:00:42]} Rf8 {[%emt 0:00:02]} 40. Rxf8+ {[%emt 0:00:00]} Kxf8 {[%emt 0:00:00]} 41. Rh7 {[%emt 0:00:17]} h4 {[%emt 0:00:14]} 42. c4 {[%emt 0:00:16]} h3 {[%emt 0:00:07]} 43. c5 {[%emt 0:00:07]} h2 {[%emt 0:00:04]} 44. c6 {[%emt 0:00:04]} h1=Q+ {[%emt 0:00:00] Rh5 Qh2 Rxh2 Ke8 [%clk 0:34:06] Rh7 [%clk 0:45:20] Kd8 [%clk 0:34:27] g6 [%clk 0:45:31] Kc8 [%clk 0:34:50] Rd7 [%clk 0:45:49] Kb8 [%clk 0:35:14] g7 [%clk 0:46:11] Ka8 [%clk 0:35:41] g8=Q# [%clk 0:46:29]} 1-0

[Event "IIFL Wealth  4th Mumbai Junior U-13"]
[Site "Mumbai"]
[Date "2019.01.07"]
[Round "9"]
[White "Jadhav Jyotiraditya"]
[Black "Warsia, Khusbu"]
[Result "1-0"]
[WhiteElo "1358"]
[BlackElo "1107"]
[Annotator "NA RC"]
[PlyCount "135"]
[EventDate "2018.12.30"]
[EventType "swiss"]
[EventCountry "IND"]
[SourceTitle "playchess.com"]
[Source "ChessBase"]
[SourceQuality "1"]
[TimeControl "40/5400+30:1800+30"]

1. d4 {[%emt 0:00:00]} Nf6 {[%emt 0:00:56]} 2. c4 {[%emt 0:00:00]} e6 {[%emt 0:00:09]} 3. Nc3 {[%emt 0:00:00]} d5 {[%emt 0:01:18]} 4. Bg5 {[%emt 0:00:00]} Bb4 {[%emt 0:03:12]} 5. Nf3 {[%emt 0:01:03]} Nc6 {[%emt 0:02:23]} 6. e3 {[%emt 0:00:34]} O-O {[%emt 0:03:15]} 7. cxd5 {[%emt 0:01:42]} exd5 {[%emt 0:03:56]} 8. Bd3 {[%emt 0:00:25]} h6 {[%emt 0:01:00]} 9. Bh4 {[%emt 0:00:44]} Be6 {[%emt 0:03:56]} 10. O-O {[%emt 0:01:07]} a6 {[%emt 0:06:21]} 11. Rc1 {[%emt 0:01:28]} Be7 12. a3 {[%emt 0:04:32]} Nd7 {[%emt 0:04:54]} 13. Bxe7 {[%emt 0:00:45]} Qxe7 {[%emt 0:02:13]} 14. Re1 {[%emt 0:02:20]} Nb6 {[%emt 0:02:17]} 15. Qc2 {[%emt 0:05:28]} Qf6 {[%emt 0:02:03]} 16. Kh1 {[%emt 0:13:15]} Rad8 {[%emt 0:01:30]} 17. Nb1 {[%emt 0:02:24]} Bd7 {[%emt 0:02:51]} 18. Nbd2 {[%emt 0:02:06]} a5 {[%emt 0:08:15]} 19. Nb3 {[%emt 0:06:28]} Na4 {[%emt 0:02:05]} 20. Bb5 {[%emt 0:08:34]} Nb4 {[%emt 0:09:04]} 21. axb4 {[%emt 0:00:33]} Bxb5 {[%emt 0:00:11]} 22. bxa5 {[%emt 0:01:10]} c6 {[%emt 0:04:21]} 23. Nbd2 {[%emt 0:03:17]} Qd6 {[%emt 0:01:51]} 24. b3 {[%emt 0:00:56]} Qb4 {[%emt 0:06:01]} 25. bxa4 {[%emt 0:01:15]} Bxa4 {[%emt 0:00:36]} 26. Qc5 {[%emt 0:01:07]} Qxc5 {[%emt 0:01:08]} 27. dxc5 {[%emt 0:00:57]} Ra8 {[%emt 0:00:17]} 28. Rb1 {[%emt 0:01:15]} Bb5 {[%emt 0:01:04]} 29. Nd4 {[%emt 0:00:37]} Rxa5 {[%emt 0:01:18]} 30. N2b3 {[%emt 0:01:12]} Ra4 {[%emt 0:02:07]} 31. Nxb5 {[%emt 0:00:09]} cxb5 {[%emt 0:00:39]} 32. Red1 {[%emt 0:00:16]} Rd8 {[%emt 0:00:40]} 33. Nd4 {[%emt 0:00:18]} Ra2 {[%emt 0:01:39]} 34. Kg1 {[%emt 0:02:10]} Ra5 {[%emt 0:00:51]} 35. Nxb5 {[%emt 0:00:56]} Kf8 {[%emt 0:01:27]} 36. Nd6 {[%emt 0:00:45]} Rd7 {[%emt 0:02:19]} 37. Nxb7 {[%emt 0:01:17]} Ra7 {[%emt 0:00:56]} 38. c6 {[%emt 0:01:42]} Rc7 {[%emt 0:00:07]} 39. Rxd5 {[%emt 0:02:57]} Rxc6 {[%emt 0:00:26]} 40. g3 {[%emt 0:00:00]} Rc7 {[%emt 0:00:00]} 41. Nc5 {[%emt 0:01:55]} Ke7 {[%emt 0:01:54]} 42. Nd3 {[%emt 0:01:43]} Rd7 {[%emt 0:00:57]} 43. Rxd7+ {[%emt 0:00:29]} Rxd7 {[%emt 0:00:08]} 44. Ne1 {[%emt 0:00:27]} Ke6 {[%emt 0:00:08]} 45. Kf1 {[%emt 0:00:11]} Ke5 {[%emt 0:00:05]} 46. Ke2 {[%emt 0:00:07]} f5 {[%emt 0:00:05]} 47. Nd3+ {[%emt 0:00:11]} Kf6 {[%emt 0:00:11]} 48. Rb6+ {[%emt 0:00:05]} Ke7 {[%emt 0:00:29]} 49. Rb5 {[%emt 0:00:38]} g6 {[%emt 0:01:19]} 50. Rb6 {[%emt 0:00:07]} Rd6 {[%emt 0:00:41]} 51. Rxd6 {[%emt 0:00:06]} Kxd6 {[%emt 0:00:05]} 52. Kf3 {[%emt 0:00:52]} g5 {[%emt 0:00:41]} 53. g4 {[%emt 0:00:31]} Ke6 {[%emt 0:00:20]} 54. gxf5+ {[%emt 0:00:09]} Kxf5 {[%emt 0:00:07]} 55. e4+ {[%emt 0:00:02]} Ke6 {[%emt 0:00:20]} 56. Kg4 {[%emt 0:00:08]} Kf6 {[%emt 0:00:47]} 57. Kh5 {[%emt 0:00:11]} Kg7 {[%emt 0:00:12]} 58. e5 {[%emt 0:00:05]} Kf7 {[%emt 0:00:23]} 59. Kxh6 {[%emt 0:00:37]} Ke7 {[%emt 0:00:57]} 60. Kxg5 {[%emt 0:00:10]} Ke6 {[%emt 0:00:10]} 61. h4 {[%emt 0:00:12]} Kf7 {[%emt 0:00:08]} 62. h5 {[%emt 0:00:07]} Ke7 {[%emt 0:00:11]} 63. h6 {[%emt 0:00:05]} Kf7 {[%emt 0:00:05]} 64. f4 {[%emt 0:00:05]} Kg8 {[%emt 0:00:12]} 65. Kg6 {[%emt 0:00:09]} Kh8 {[%emt 0:00:06]} 66. e6 {[%emt 0:00:18]} Kg8 {[%emt 0:00:06]} 67. e7 {[%emt 0:00:11]} Kh8 {[%emt 0:00:12]} 68. e8=R# {[%emt 0:00:07]} 1-0

[Event "IIFL Wealth  4th Mumbai Junior U-13"]
[Site "Mumbai"]
[Date "2019.01.07"]
[Round "9"]
[White "Khairmode Aditya"]
[Black "Medhansh Rathi"]
[Result "0-1"]
[WhiteElo "1337"]
[BlackElo "1194"]
[Annotator "NA RC"]
[PlyCount "141"]
[EventDate "2018.12.30"]
[EventType "swiss"]
[EventCountry "IND"]
[SourceTitle "playchess.com"]
[Source "ChessBase"]
[SourceQuality "1"]
[TimeControl "40/5400+30:1800+30"]

1. e4 {[%emt 0:00:00]} e5 {[%emt 0:00:06]} 2. Nf3 {[%emt 0:00:05]} Nc6 {[%emt 0:00:14]} 3. Bc4 {[%emt 0:00:08]} Bc5 {[%emt 0:00:36]} 4. b4 {[%emt 0:02:30]} Bxb4 {[%emt 0:00:10]} 5. c3 {[%emt 0:00:08]} Be7 {[%emt 0:00:02]} 6. d4 {[%emt 0:00:22]} exd4 {[%emt 0:01:45]} 7. Qb3 {[%emt 0:00:57]} Na5 {[%emt 0:01:04]} 8. Bxf7+ {[%emt 0:00:07]} Kf8 {[%emt 0:00:07]} 9. Qa4 {[%emt 0:00:18]} Kxf7 {[%emt 0:01:43]} 10. Qxa5 {[%emt 0:00:07]} d6 {[%emt 0:00:43]} 11. cxd4 {[%emt 0:06:14]} c6 {[%emt 0:04:38]} 12. Qa4 {[%emt 0:11:01]} Be6 {[%emt 0:02:21]} 13. O-O {[%emt 0:06:23]} Qd7 {[%emt 0:09:23]} 14. Nc3 {[%emt 0:17:20]} h6 {[%emt 0:07:26]} 15. Qc2 {[%emt 0:14:59]} Rf8 {[%emt 0:05:34]} 16. Re1 {[%emt 0:12:46]} Ke8 {[%emt 0:02:16]} 17. e5 {[%emt 0:02:27]} Bf5 {[%emt 0:00:37]} 18. Qa4 {[%emt 0:05:43]} d5 {[%emt 0:00:53]} 19. Qxa7 {[%emt 0:02:04]} Qc8 {[%emt 0:01:30]} 20. Ba3 {[%emt 0:02:00]} Bxa3 {[%emt 0:00:26]} 21. Qxa3 {[%emt 0:00:10]} Ne7 {[%emt 0:00:26]} 22. Rac1 {[%emt 0:00:43]} Qd7 {[%emt 0:00:35]} 23. Qd6 {[%emt 0:06:37]} Nc8 {[%emt 0:01:34]} 24. Qxd7+ {[%emt 0:01:02]} Kxd7 {[%emt 0:00:11]} 25. e6+ {[%emt 0:01:03]} Ke7 {[%emt 0:00:58]} 26. Nh4 {[%emt 0:03:07]} Bh7 {[%emt 0:01:18]} 27. Na4 {[%emt 0:01:44]} Rf6 {[%emt 0:01:22]} 28. Nc5 {[%emt 0:00:43]} Nd6 {[%emt 0:00:19]} 29. Rc3 {[%emt 0:02:09]} g5 {[%emt 0:00:35]} 30. Nf3 {[%emt 0:00:07]} Ne4 {[%emt 0:00:41]} 31. Rb3 {[%emt 0:01:05]} Nxc5 {[%emt 0:00:21]} 32. dxc5 {[%emt 0:00:06]} Rb8 {[%emt 0:00:07]} 33. Nd4 {[%emt 0:00:39]} Rff8 {[%emt 0:00:38]} 34. Re2 {[%emt 0:00:51]} Bf5 {[%emt 0:01:02]} 35. Reb2 {[%emt 0:00:45]} Bxe6 {[%emt 0:00:43]} 36. Re2 {[%emt 0:00:41]} Kd7 {[%emt 0:01:06]} 37. Nxe6 {[%emt 0:00:32]} Rfe8 {[%emt 0:00:13]} 38. Nd4 {[%emt 0:00:13]} Rxe2 {[%emt 0:00:12]} 39. Nxe2 {[%emt 0:00:11]} Ke6 {[%emt 0:00:07]} 40. f3 {[%emt 0:00:00]} Ke5 {[%emt 0:00:00]} 41. Kf2 {[%emt 0:01:01]} d4 {[%emt 0:00:07]} 42. Rb4 {[%emt 0:01:30]} Kd5 {[%emt 0:00:19]} 43. Rxd4+ {[%emt 0:00:15]} Kxc5 {[%emt 0:00:01]} 44. Ke3 {[%emt 0:00:30]} Re8+ {[%emt 0:00:10]} 45. Re4 {[%emt 0:00:10]} Ra8 {[%emt 0:00:15]} 46. a4 {[%emt 0:01:24]} b5 {[%emt 0:00:28]} 47. axb5 {[%emt 0:04:09]} cxb5 {[%emt 0:00:01]} 48. Kd3 {[%emt 0:01:08]} Rd8+ {[%emt 0:00:29]} 49. Kc3 {[%emt 0:00:13]} Rd1 {[%emt 0:00:18]} 50. Re6 {[%emt 0:00:33]} b4+ {[%emt 0:00:25]} 51. Kc2 {[%emt 0:01:02]} Rd6 {[%emt 0:00:17]} 52. Rxd6 {[%emt 0:00:09]} Kxd6 {[%emt 0:00:03]} 53. Kb3 {[%emt 0:00:04]} Ke5 {[%emt 0:00:23]} 54. Kxb4 {[%emt 0:00:11]} Kf5 {[%emt 0:00:05]} 55. Kc4 {[%emt 0:00:17]} g4 {[%emt 0:00:05]} 56. Kd4 {[%emt 0:00:17]} h5 {[%emt 0:00:07]} 57. Ng3+ {[%emt 0:00:26]} Kg5 {[%emt 0:00:12]} 58. Ke5 {[%emt 0:00:55]} gxf3 {[%emt 0:00:12]} 59. gxf3 {[%emt 0:00:28]} Kh4 {[%emt 0:00:01]} 60. f4 {[%emt 0:00:28]} Kh3 {[%emt 0:00:08]} 61. f5 {[%emt 0:01:16]} h4 {[%emt 0:00:08]} 62. Nf1 {[%emt 0:02:07]} Kg2 {[%emt 0:00:02]} 63. f6 {[%emt 0:00:33]} Kxf1 {[%emt 0:00:07]} 64. f7 {[%emt 0:00:13]} Kg2 {[%emt 0:00:01]} 65. f8=Q {[%emt 0:00:17]} Kxh2 {[%emt 0:00:01]} 66. Qf2+ {[%emt 0:00:23]} Kh3 {[%emt 0:00:14]} 67. Qf3+ {[%emt 0:00:22]} Kh2 {[%emt 0:00:02]} 68. Kf4 {[%emt 0:00:23]} h3 {[%emt 0:00:22]} 69. Kg4 {[%emt 0:00:15]} Kg1 {[%emt 0:00:01]} 70. Kg3 {[%emt 0:00:11]} h2 {[%emt 0:00:10]} 71. Qg2# {[%emt 0:00:11]} 0-1

[Event "IIFL Wealth  4th Mumbai Junior U-13"]
[Site "Mumbai"]
[Date "2019.01.07"]
[Round "9"]
[White "Tikam Aradhya"]
[Black "Sureka Akshat"]
[Result "1/2-1/2"]
[WhiteElo "1332"]
[BlackElo "1078"]
[Annotator "NA RC"]
[PlyCount "161"]
[EventDate "2018.12.30"]
[EventType "swiss"]
[EventCountry "IND"]
[SourceTitle "playchess.com"]
[Source "ChessBase"]
[SourceQuality "1"]
[TimeControl "40/5400+30:1800+30"]

1. e4 {[%emt 0:00:00]} e5 {[%emt 0:09:09]} 2. Nf3 {[%emt 0:00:00]} Nf6 {[%emt 0:00:11]} 3. d3 {[%emt 0:00:49]} Nc6 {[%emt 0:00:29]} 4. Nc3 {[%emt 0:00:06]} Be7 {[%emt 0:01:22]} 5. Be2 {[%emt 0:00:05]} O-O {[%emt 0:00:08]} 6. O-O {[%emt 0:00:04]} d6 {[%emt 0:00:57]} 7. Re1 {[%emt 0:01:57]} h6 {[%emt 0:01:59]} 8. h3 {[%emt 0:00:03]} Re8 {[%emt 0:00:27]} 9. Bf1 {[%emt 0:01:21]} Bf8 {[%emt 0:00:46]} 10. Ne2 {[%emt 0:03:01]} g6 {[%emt 0:01:04]} 11. Ng3 {[%emt 0:03:03]} Bg7 {[%emt 0:00:42]} 12. c4 {[%emt 0:13:04]} Bd7 {[%emt 0:08:10]} 13. Be3 {[%emt 0:01:26]} b6 {[%emt 0:00:29]} 14. Qd2 {[%emt 0:01:32]} Kh7 {[%emt 0:01:05]} 15. b4 {[%emt 0:06:23]} a6 {[%emt 0:02:02]} 16. Rec1 {[%emt 0:01:03]} Ne7 {[%emt 0:07:27]} 17. c5 {[%emt 0:01:01]} bxc5 {[%emt 0:00:40]} 18. bxc5 {[%emt 0:00:33]} d5 {[%emt 0:02:15]} 19. Nxe5 {[%emt 0:18:20]} Nxe4 {[%emt 0:01:03]} 20. Nxe4 {[%emt 0:00:24]} Bxe5 {[%emt 0:00:21]} 21. d4 {[%emt 0:00:21]} Bg7 {[%emt 0:01:31]} 22. Nc3 {[%emt 0:02:19]} c6 {[%emt 0:02:11]} 23. Na4 {[%emt 0:01:38]} Ra7 {[%emt 0:04:55]} 24. Rab1 {[%emt 0:02:53]} Nf5 {[%emt 0:03:13]} 25. Rb6 {[%emt 0:02:08]} Nxe3 {[%emt 0:01:01]} 26. fxe3 {[%emt 0:00:05]} Qg5 {[%emt 0:00:25]} 27. Rxa6 {[%emt 0:09:57]} Rxa6 {[%emt 0:00:54]} 28. Bxa6 {[%emt 0:00:05]} Qxe3+ {[%emt 0:00:47]} 29. Qxe3 {[%emt 0:00:18]} Rxe3 {[%emt 0:00:04]} 30. Rd1 {[%emt 0:00:44]} Ra3 {[%emt 0:00:58]} 31. Nb6 {[%emt 0:00:15]} Rxa6 {[%emt 0:01:06]} 32. Nxd7 {[%emt 0:00:08]} Rxa2 {[%emt 0:00:08]} 33. Nb8 {[%emt 0:00:19]} Ra8 {[%emt 0:02:45]} 34. Nxc6 {[%emt 0:00:07]} Rc8 {[%emt 0:00:57]} 35. Ne7 {[%emt 0:00:13]} Rc7 {[%emt 0:01:17]} 36. Nxd5 {[%emt 0:01:01]} Rd7 {[%emt 0:01:51]} 37. c6 {[%emt 0:01:32]} Rxd5 {[%emt 0:00:34]} 38. c7 {[%emt 0:00:02]} Bxd4+ {[%emt 0:00:22]} 39. Rxd4 {[%emt 0:00:02]} Rc5 {[%emt 0:00:19]} 40. Rd7 {[%emt 0:00:00]} Kg7 {[%emt 0:00:00]} 41. Kf2 {[%emt 0:01:35]} Rc3 {[%emt 0:00:25]} 42. Ke2 {[%emt 0:00:21]} Kf6 {[%emt 0:01:15]} 43. Kd2 {[%emt 0:00:06]} Rc6 {[%emt 0:00:16]} 44. Ke3 {[%emt 0:00:33]} Ke6 {[%emt 0:00:15]} 45. c8=Q Rxc8 {[%emt 0:00:10]} 46. Ra7 {[%emt 0:00:23]} Rc2 {[%emt 0:00:54]} 47. Kf3 {[%emt 0:00:13]} Rd2 {[%emt 0:00:12]} 48. Ra6+ {[%emt 0:00:12]} Rd6 {[%emt 0:00:05]} 49. Ra7 {[%emt 0:00:01]} Rd3+ {[%emt 0:01:00]} 50. Kf2 {[%emt 0:00:05]} Kf6 {[%emt 0:00:25]} 51. Ke2 {[%emt 0:00:14]} Rg3 {[%emt 0:00:31]} 52. Kf2 {[%emt 0:00:01]} Rg5 {[%emt 0:00:13]} 53. Ra6+ {[%emt 0:00:16]} Kg7 {[%emt 0:00:07]} 54. Ra7 {[%emt 0:00:17]} Rf5+ {[%emt 0:00:19]} 55. Kg3 {[%emt 0:00:13]} g5 {[%emt 0:00:33]} 56. h4 {[%emt 0:01:07]} Kg6 {[%emt 0:02:40]} 57. hxg5 {[%emt 0:00:26]} Kxg5 {[%emt 0:00:23]} 58. Kh2 {[%emt 0:00:22]} Kg4 {[%emt 0:00:22]} 59. Ra4+ {[%emt 0:00:44]} Rf4 {[%emt 0:00:09]} 60. Ra3 {[%emt 0:00:06]} h5 {[%emt 0:01:22]} 61. Rg3+ {[%emt 0:00:05]} Kf5 {[%emt 0:01:45]} 62. Ra3 {[%emt 0:00:20]} Kg6 {[%emt 0:01:04]} 63. Ra6+ {[%emt 0:00:20]} f6 {[%emt 0:00:05]} 64. Ra5 {[%emt 0:00:16]} Re4 {[%emt 0:00:11]} 65. Kg3 {[%emt 0:00:39]} Re5 {[%emt 0:00:35]} 66. Ra8 {[%emt 0:00:09]} Re7 {[%emt 0:01:32]} 67. Ra5 {[%emt 0:00:14]} f5 {[%emt 0:00:11]} 68. Kf3 {[%emt 0:00:14]} Kg5 {[%emt 0:00:14]} 69. Ra8 {[%emt 0:00:04]} Re6 {[%emt 0:00:14]} 70. Rg8+ {[%emt 0:00:22]} Rg6 {[%emt 0:00:40]} 71. Ra8 {[%emt 0:00:02]} h4 {[%emt 0:02:13]} 72. Rh8 {[%emt 0:00:15]} Rh6 {[%emt 0:01:32]} 73. Rg8+ {[%emt 0:00:01]} Kf6 {[%emt 0:00:22]} 74. Rf8+ {[%emt 0:00:05]} Ke6 {[%emt 0:00:21]} 75. Ra8 {[%emt 0:00:39]} Rg6 {[%emt 0:02:11]} 76. Ra6+ {[%emt 0:00:11]} Kf7 {[%emt 0:00:06]} 77. Ra7+ {[%emt 0:00:11]} Kf6 {[%emt 0:00:47]} 78. Ra6+ {[%emt 0:00:32]} Kg5 {[%emt 0:00:42]} 79. Ra8 {[%emt 0:00:10]} Rf6 {[%emt 0:01:42]} 80. Rg8+ {[%emt 0:00:03]} Rg6 {[%emt 0:00:20]} 81. Rf8 {[%emt 0:00:02]} 1/2-1/2

[Event "IIFL Wealth  4th Mumbai Junior U-13"]
[Site "Mumbai"]
[Date "2019.01.07"]
[Round "9"]
[White "Anurag Panigrahi"]
[Black "Arushi Srichandan"]
[Result "1-0"]
[WhiteElo "1315"]
[BlackElo "1100"]
[Annotator "NA RC"]
[PlyCount "149"]
[EventDate "2018.12.30"]
[EventType "swiss"]
[EventCountry "IND"]
[SourceTitle "playchess.com"]
[Source "ChessBase"]
[SourceQuality "1"]
[TimeControl "40/5400+30:1800+30"]

1. e4 {[%emt 0:00:00]} d6 {[%emt 0:00:00]} 2. d4 {[%emt 0:00:00]} Nf6 {[%emt 0:00:01]} 3. Nc3 {[%emt 0:00:00]} g6 {[%emt 0:00:19]} 4. Nf3 {[%emt 0:00:00]} Bg7 {[%emt 0:00:40]} 5. h3 {[%emt 0:00:22]} Nc6 {[%emt 0:03:13]} 6. Be3 {[%emt 0:03:50]} a6 {[%emt 0:01:23]} 7. a4 {[%emt 0:02:12]} b6 {[%emt 0:02:52]} 8. Bc4 {[%emt 0:15:20]} Bb7 {[%emt 0:00:26]} 9. e5 {[%emt 0:03:46]} dxe5 {[%emt 0:00:25]} 10. dxe5 {[%emt 0:00:11]} Nh5 {[%emt 0:22:20]} 11. e6 {[%emt 0:04:44]} f5 {[%emt 0:01:44]} 12. Bd5 {[%emt 0:07:04]} Bxc3+ {[%emt 0:02:43]} 13. bxc3 {[%emt 0:00:12]} Nf6 {[%emt 0:02:18]} 14. Bb3 {[%emt 0:05:35]} h6 {[%emt 0:05:18]} 15. O-O {[%emt 0:03:08]} Qxd1 {[%emt 0:04:27]} 16. Raxd1 {[%emt 0:03:39]} g5 {[%emt 0:02:09]} 17. Rfe1 {[%emt 0:07:43]} O-O {[%emt 0:00:50]} 18. Nd4 {[%emt 0:02:23]} Nxd4 {[%emt 0:00:30]} 19. Bxd4 {[%emt 0:04:39]} Bc6 {[%emt 0:01:29]} 20. Be5 {[%emt 0:01:47]} Rac8 {[%emt 0:01:20]} 21. Rd7 {[%emt 0:03:46]} Rfe8 {[%emt 0:05:15]} 22. Rxc7 {[%emt 0:04:15]} Rxc7 {[%emt 0:00:43]} 23. Bxc7 {[%emt 0:00:05]} b5 {[%emt 0:00:19]} 24. axb5 {[%emt 0:02:11]} axb5 {[%emt 0:04:14]} 25. Be5 {[%emt 0:02:17]} Bd5 {[%emt 0:00:40]} 26. Bxd5 {[%emt 0:13:47]} Nxd5 {[%emt 0:00:05]} 27. Rb1 {[%emt 0:00:10]} Rc8 {[%emt 0:00:47]} 28. Rxb5 {[%emt 0:00:51]} Nxc3 {[%emt 0:00:12]} 29. Bxc3 {[%emt 0:04:30]} Rxc3 {[%emt 0:00:04]} 30. Rxf5 {[%emt 0:00:06]} Rxc2 {[%emt 0:00:02]} 31. Rf7 {[%emt 0:00:14]} Re2 {[%emt 0:00:55]} 32. Rxe7 {[%emt 0:03:53]} Kf8 {[%emt 0:00:05]} 33. Rf7+ {[%emt 0:01:00]} Kg8 {[%emt 0:00:07]} 34. Re7 {[%emt 0:00:48]} Kf8 {[%emt 0:00:04]} 35. Rf7+ {[%emt 0:00:17]} Kg8 {[%emt 0:00:05]} 36. Rf6 {[%emt 0:00:13]} Kg7 {[%emt 0:00:05]} 37. Rf7+ {[%emt 0:00:42]} Kg8 {[%emt 0:00:06]} 38. Rf6 {[%emt 0:01:30]} Kg7 {[%emt 0:00:04]} 39. Kf1 {[%emt 0:00:38]} Re5 {[%emt 0:00:13]} 40. Rf7+ {[%emt 0:00:00]} Kg8 {[%emt 0:00:00]} 41. h4 {[%emt 0:07:41]} Rxe6 {[%emt 0:00:45]} 42. Rf5 {[%emt 0:00:46]} gxh4 {[%emt 0:00:32]} 43. Rf4 {[%emt 0:02:38]} Rg6 {[%emt 0:00:08]} 44. Rxh4 {[%emt 0:00:17]} Kg7 {[%emt 0:00:28]} 45. Rh5 {[%emt 0:01:30]} Kf6 {[%emt 0:00:11]} 46. f3 {[%emt 0:01:43]} Kg7 {[%emt 0:00:14]} 47. Kf2 {[%emt 0:00:21]} Kf6 {[%emt 0:00:09]} 48. g4 {[%emt 0:00:18]} Kg7 {[%emt 0:00:04]} 49. Kg3 {[%emt 0:02:05]} Ra6 {[%emt 0:00:16]} 50. Re5 {[%emt 0:02:29]} Kf6 {[%emt 0:00:24]} 51. Rh5 {[%emt 0:00:50]} Kg7 {[%emt 0:00:08]} 52. Rd5 {[%emt 0:05:44]} Kf6 {[%emt 0:00:09]} 53. Kh4 {[%emt 0:02:24]} Kg6 {[%emt 0:00:09]} 54. Rd1 {[%emt 0:02:58]} Rf6 {[%emt 0:00:08]} 55. Rf1 {[%emt 0:00:48]} Rf4 {[%emt 0:00:08]} 56. Kg3 {[%emt 0:00:23]} Ra4 {[%emt 0:00:17]} 57. f4 {[%emt 0:01:59]} Ra3+ {[%emt 0:00:08]} 58. Kh4 {[%emt 0:00:16]} Ra6 {[%emt 0:00:24]} 59. f5+ {[%emt 0:00:38]} Kg7 {[%emt 0:00:12]} 60. Kh5 {[%emt 0:00:22]} Rf6 {[%emt 0:00:05]} 61. Rc1 {[%emt 0:00:36]} Rf7 {[%emt 0:00:21]} 62. Rc6 {[%emt 0:00:34]} Kh7 {[%emt 0:00:40]} 63. Rxh6+ {[%emt 0:00:17]} Kg7 {[%emt 0:00:05]} 64. f6+ {[%emt 0:02:21]} Rxf6 {[%emt 0:00:07]} 65. Rxf6 {[%emt 0:00:04]} Kxf6 {[%emt 0:00:05]} 66. Kh6 {[%emt 0:00:07]} Kf7 {[%emt 0:00:10]} 67. g5 {[%emt 0:00:09]} Kg8 {[%emt 0:00:02]} 68. Kg6 {[%emt 0:00:10]} Kh8 {[%emt 0:00:02]} 69. Kf7 {[%emt 0:00:10]} Kh7 {[%emt 0:00:04]} 70. g6+ {[%emt 0:00:07]} Kh6 {[%emt 0:00:04]} 71. g7 {[%emt 0:00:04]} Kh5 {[%emt 0:00:03]} 72. g8=Q {[%emt 0:00:12]} Kh4 {[%emt 0:00:02]} 73. Qg2 {[%emt 0:00:09]} Kh5 {[%emt 0:00:03]} 74. Qg3 {[%emt 0:00:08]} Kh6 {[%emt 0:00:06]} 75. Qg6# 1-0

[Event "IIFL Wealth  4th Mumbai Junior U-13"]
[Site "Mumbai"]
[Date "2019.01.07"]
[Round "9"]
[White "Sohanganesh Uddhav Nikam"]
[Black "Vedant Nitin vekhande"]
[Result "0-1"]
[WhiteElo "1299"]
[BlackElo "1564"]
[Annotator "NA RC"]
[PlyCount "58"]
[EventDate "2018.12.30"]
[EventType "swiss"]
[EventCountry "IND"]
[SourceTitle "playchess.com"]
[Source "ChessBase"]
[SourceQuality "1"]
[TimeControl "40/5400+30:1800+30"]

1. e4 {[%emt 0:00:00]} c5 {[%emt 0:11:54]} 2. Nf3 {[%emt 0:00:00]} d6 {[%emt 0:00:16]} 3. Bc4 {[%emt 0:00:02]} g6 {[%emt 0:00:40]} 4. Nc3 {[%emt 0:00:23]} Bg7 {[%emt 0:00:05]} 5. O-O {[%emt 0:00:16]} Nc6 {[%emt 0:00:05]} 6. Re1 {[%emt 0:01:19]} e6 {[%emt 0:00:10]} 7. d3 {[%emt 0:02:31]} Nge7 {[%emt 0:00:08]} 8. Bg5 {[%emt 0:00:19]} O-O {[%emt 0:01:20]} 9. a3 {[%emt 0:25:36]} h6 {[%emt 0:00:24]} 10. Bh4 {[%emt 0:02:27]} a6 {[%emt 0:01:31]} 11. Ba2 {[%emt 0:01:42]} b5 {[%emt 0:00:47]} 12. Rb1 {[%emt 0:10:42]} Qb6 {[%emt 0:05:49]} 13. Ne2 {[%emt 0:10:43]} Re8 {[%emt 0:08:34]} 14. Bxe7 {[%emt 0:14:27]} Rxe7 {[%emt 0:00:16]} 15. Nf4 {[%emt 0:00:10]} Bb7 {[%emt 0:04:30]} 16. g4 {[%emt 0:03:37]} Ne5 {[%emt 0:06:58]} 17. h3 {[%emt 0:06:35]} Rae8 {[%emt 0:04:20]} 18. Re3 {[%emt 0:06:30]} h5 {[%emt 0:04:43]} 19. g5 {[%emt 0:00:24]} Qd8 {[%emt 0:02:54]} 20. Nxe5 {[%emt 0:03:21]} Bxe5 {[%emt 0:01:47]} 21. Nxh5 {[%emt 0:01:07]} gxh5 {[%emt 0:00:14]} 22. Qxh5 {[%emt 0:00:02]} f6 {[%emt 0:07:29]} 23. g6 {[%emt 0:06:33]} Rg7 {[%emt 0:00:35]} 24. Qg4 {[%emt 0:00:10]} d5 {[%emt 0:02:27]} 25. h4 {[%emt 0:00:43]} f5 {[%emt 0:00:43]} 26. exf5 {[%emt 0:01:20]} exf5 {[%emt 0:00:01]} 27. Qxf5 {[%emt 0:00:19]} Qxh4 {[%emt 0:00:06]} 28. Rh3 {[%emt 0:00:52]} Qf6 {[%emt 0:00:32]} 29. Re3 Qh4 0-1